Statistics for Real Madrid scorers in Liga 2015-2016

Click here to take the quiz!

General Stats

  • This quiz has been taken 130 times
    (112 since last reset)
  • The average score is 12 of 14

Answer Stats

Player Goals % Correct
Cristiano Ronaldo35
100%
Karim Benzema24
100%
Gareth Bale19
100%
Marcelo2
98%
Sergio Ramos2
98%
Toni Kroos1
98%
Luka Modric2
95%
Isco3
86%
James Rodriguez7
84%
Casemiro1
81%
Pepe1
74%
Jesé5
69%
Lucas Vazquez4
66%
Danilo2
36%

Score Distribution

Percentile by Number Answered

Percent of People with Each Score

Your Score History

You have not taken this quiz since the last reset